| 000 | 01342nam a2200373 a 4500 | ||
|---|---|---|---|
| 001 | vtls001618471 | ||
| 003 | NLI | ||
| 005 | 20210628133946.0 | ||
| 008 | 121214s1949 ii 000 0 hin | ||
| 020 | _cRs. 4.80 | ||
| 039 | 9 |
_y201212141929 _zVLOAD |
|
| 040 |
_aNLI _bhineng _cDatasoft_Hindi _eAACR2 |
||
| 041 | 0 | _ahin | |
| 044 | _a ii | ||
| 084 | 0 | 4 | _a181 |
| 100 | 1 |
_6880-01 _aगर्ग, कान्तानाथ |
|
| 245 | 1 | 0 |
_6880-02 _aबैकिंग के सिद्धान्त और उनका प्रयोग / _cकान्तानाथ गर्ग |
| 250 | _a2nd ed. | ||
| 260 |
_aइलाहाबाद : _bकिताब महल, _c1949 |
||
| 300 |
_a387 p. ; _c22 cm. |
||
| 650 | 0 |
_aEconomics _zIndia _9690562 |
|
| 650 | 0 |
_aTaxation _zIndia _9742802 |
|
| 650 | 0 |
_aTrade _9677766 |
|
| 650 | 0 |
_aCommerce _zIndia _9706906 |
|
| 651 | 0 |
_aIndia _xEconomic conditions _9676649 |
|
| 880 | 1 |
_6100-01(B _aGarga, Kāntānātha |
|
| 880 | 1 | 0 |
_6245-02(B _aBanking ke siddhānta aura unakā prayoga / _cKāntānātha Garga |
| 887 | _a Rajani 16.03.2012 (Sandeep Singh 21.03.2012) | ||
| 901 |
_aOHI289543 _b29.12.1956 |
||
| 902 | _a181 Kc 948 | ||
| 904 |
_cRajani 16.03.2012 (Sandeep Singh 21.03.2012) _l3011 |
||
| 949 |
_AVIRTUAITEM _D10000 _X100 _6OHI000289543HIN |
||
| 942 |
_2ddc _cBKS |
||
| 999 |
_aVIRTUA40 _c1069468 _d1069468 |
||